000 00874nam a2200277 4500
003 OSt
005 20260530115255.0
008 260421b1984 mx a|||| |||| 00| 0 spa d
020 _a9682904390
040 _aICI
_bspa
_cICI
041 _aspa
050 _aZ246
_b.E78
100 1 _aSalgado García, Alejo,
_eautor
_930282
245 1 0 _aEstándares gráficos /
_cAlejo Salgado García, Francisco Pego Mosscoso.
264 1 _bInstituto Politécnico Nacional,
_c1984
_aMéxico :
300 _a375 páginas
_bilustraciones
_c27 cm
336 _atexto
_2rdacontent
337 _asin medio
_2rdamedia
338 _avolumen
_2rdacarrier
500 _aLibro de Referencia
650 1 4 _2Dibujo arquitectónico.
650 1 4 _aIngeniería
_xGráficos
_930283
650 1 4 _aIngeniería
_xDibujos
_930284
700 1 _aPego, Mosscoso, Francisco,
_eautor
_930285
942 _2lcc
_cBK
_n1
999 _c12539
_d12539